Základy krízového riadenia environmentálne nebezpečných zón
Guardado en:
| Autor principal: | |
|---|---|
| Otros Autores: | , , , , |
| Formato: | Libro |
| Lenguaje: | eslovaco |
| Publicado: |
Košice
Fakulta BERG, Technickej univerzity v Košiciach
2006
|
| Edición: | 1. vyd. |
| Materias: | |
| Etiquetas: |
Sin Etiquetas, Sea el primero en etiquetar este registro!
|
MARC
| LEADER | 00000nam a2200000 4500 | ||
|---|---|---|---|
| 001 | 0208820 | ||
| 005 | 20240502073453.5 | ||
| 020 | |a 80-8073-585-9 | ||
| 041 | 0 | |a slo | |
| 044 | |a SK | ||
| 245 | 1 | 0 | |a Základy krízového riadenia environmentálne nebezpečných zón |c Jacek Engel, Jozef Mihok, Martin Bosák, Milan Majerník ; recenzenti: Ondrej Hronec, Michal Cehlár |
| 250 | |a 1. vyd. | ||
| 264 | 1 | |a Košice |b Fakulta BERG, Technickej univerzity v Košiciach |c 2006 | |
| 300 | |a 235 s. [10,40 AH] | ||
| 610 | 2 | 0 | |a manažment krízový |
| 610 | 2 | 0 | |a ochrana prostredia životného |
| 610 | 2 | 0 | |a politika environmentálna |
| 610 | 2 | 0 | |a havárie |
| 610 | 2 | 0 | |a systémy informačné geografické |
| 610 | 2 | 0 | |a parky priemyselné |
| 100 | 1 | |a Engel, Jacek | |
| 700 | 1 | |a Mihok, Jozef | |
| 700 | 1 | |a Bosák, Martin, 1967- | |
| 700 | 1 | |a Majerník, Milan, 1952- | |
| 700 | 1 | |a Hronec, Ondrej | |
| 700 | 1 | |a Cehlár, Michal | |